Japanese Foods #2 - Statistics

General Stats
  • This quiz has been taken 178 times
  • The average score is 13 of 30
Answer Stats
Description Answer % Correct
Segmented lunch box represented by this emoji 🍱 Bento
87%
Crescent-shaped dumplings based on the Chinese ‘jiaozi’ Gyoza
86%
Type of breadcrumbs used in the above Panko
76%
Dried seaweed used in sushi Nori
73%
Pickled root served with sushi Pickled {ginger}
69%
Chocolate bar brand known for its various, unique flavours in Japan Kit Kat
64%
Sweet, probiotic milk drink Yakult
63%
Yellow citrus of Chinese origin that is associated with Japanese cuisine Yuzu
63%
Rice flour dessert balls served on a skewer, sometimes covered with a sauce (e.g. soy sauce and sugar) Dango
58%
Deep-fried, breaded pork cutlet that can be served with Japanese curry Tonkatsu
57%
Type of sushi comprising a slice of raw seafood over rice Nigiri
56%
Sweet bun with a crispy top shaped like a cantaloupe Melonpan
50%
Fish-shaped pastry with a sweet filling, (e.g. red bean paste, custard) Taiyaki
47%
Boiled egg flavoured with ___ sauce; often added to ramen bowls {Soy} egg
45%
German beef patty served on rice with a curry, tomato or demi-glace sauce Hamburg steak
44%
Savoury yellow pancake topped with various savoury ingredients, mayonnaise and a brown sauce Okonomiyaki
43%
Soy sauce, mirin and sugar glaze Teriyaki
42%
Family of stocks which form the base of many soup dishes Dashi
40%
Japanese Christmas cake decorated with strawberries and whipped cream Strawberry {shortcake}
33%
One-pot broth dish containing eggs, fishcakes, radish etc. Oden
32%
Small fruit resemblant of a plum which is often salt-pickled Ume
32%
Dried kelp used to flavour the above Kombu
29%
'Katsu ika odori-don' is a 'dancing' fresh, raw _____ bowl Squid
26%
Sweet mandarin orange variant named after a former Japanese province Satsuma mandarin
24%
Japanese croquettes. The most common types are potato and pumpkin Korokke
21%
Seven ingredient spicy table seasoning that is a staple in Japanese restaurants Shichimi
20%
Grapefruit-flavoured energy drink Pocari Sweat
17%
Sweet, low-alcohol/non-alcoholic fermented rice drink Amazake
10%
Traditional Okinawan biscuit similar to shortbread Chinsuko
3%
Fire-seared fish or meat seasoned with ginger paste Tataki
1%
No matching quizzes found
Score Distribution
Percent of People with Each Score
Percentile by Number Answered
Your Score History
You have not taken this quiz